MDQL
is popping MORE tags! Check the
thread
!
Quizzes
Events
Quiz Creation
Community
Videos
Private Events
Remove Ads
Sign In
Join for FREE
Feedback
Dark Mode
Quiz Categories
Sports
Geography
Music
Movies
Television
Just For Fun
Miscellaneous
History
Literature
Language
Science
Gaming
Entertainment
Religion
Holiday
For Kids
Quiz Lab
Recent
Popular Today
Quiz Kudos Today
Editor Picks
Curator Picks
Quizzes by...
Day
Popularity
Type
Ratings
Length
Year
Community
Subscriptions
Recent Discussions
Orange Saloon
Badges
Playlists
Quests
Create
Leaderboards
Showdown
Live 5
Trivia Bingo
Activity
Puzzle Library
Sporcle Events
Private Events
Virtual Trivia
Globe League
Become a Host
Pub Owners
SporcleCon
Opinionation
Our Games
Videos
Blog
Mobile Apps
Partnerships
Remove Ads and Go Orange
Feedback
Sports
Athletes
MLB
NBA
NHL
NFL
Soccer
Sports Teams
WWE
NCAA
Football
Premier League
Basketball
Baseball
Hockey
Golf
Tennis
Cricket
Rugby
Auto Racing
Olympics
World Cup
Sports
Athletes
MLB
NBA
NHL
NFL
Soccer
Sports Teams
WWE
NCAA
Football
Premier League
Basketball
Baseball
Hockey
Golf
Tennis
Cricket
Rugby
Auto Racing
Olympics
World Cup
Random Quiz
Search Sporcle
×
Quiz Lab
Quiz Lab
Sports
Decade
Type in answers that appear in a list
Type in answers that appear in a list
Classic
Best Score? Go Orange.
Best Pitchers by Decade Stats
Can you name the Best Pitchers by Decade?
By
AwesomeGoogs
8m
50 Questions
481 Plays
481 Plays
481 Plays
Comments
Comments
Give Quiz Kudos
Give Quiz Kudos
-
- Ratings
hide this ad
More Info
Replay
Link that replays current quiz
Next Quiz
Link to next quiz in quiz playlist
You Got
0%
They Got
Avg Score
58%
Avg Friend Score
Upgrade to see
Score Distribution
Jump to the score distribution portion of the page
Score
0/50
Timer
08:00
0
Plays Today
Decade
Pitcher
% Correct
1980s
Roger Clemens
94.8%
1990s
Roger Clemens
94.8%
1990s
Greg Maddux
92.9%
1990s
Randy Johnson
92.1%
2000s
Randy Johnson
92.1%
2000s
Pedro Martinez
89.6%
1990s
Tom Glavine
89%
1960s
Sandy Koufax
86.7%
1970s
Nolan Ryan
85.7%
1980s
Nolan Ryan
85.7%
1960s
Bob Gibson
85.4%
1990s
John Smoltz
85%
1970s
Tom Seaver
81.9%
2000s
Roy Halladay
80.7%
1970s
Steve Carlton
78%
2000s
Curt Schilling
77.1%
2000s
Johan Santana
73.6%
1960s
Don Drysdale
72.8%
1980s
Dwight Gooden
71.3%
2000s
CC Sabathia
70.3%
1970s
Jim Palmer
66.9%
1990s
Mike Mussina
65.1%
1970s
Phil Niekro
64.4%
1990s
David Cone
62.6%
1970s
Fergie Jenkins
60.9%
Decade
Pitcher
% Correct
1960s
Juan Marichal
59.3%
1960s
Gaylord Perry
58.2%
1970s
Gaylord Perry
58.2%
1970s
Bert Blyleven
58.2%
1980s
Bert Blyleven
58.2%
2000s
Roy Oswalt
58%
1980s
Bret Saberhagen
56.5%
1980s
Fernando Valenzuela
52.4%
1990s
Kevin Brown
51.8%
2000s
Tim Hudson
48.9%
1980s
Dave Stieb
47.2%
1980s
Orel Hershiser
46.8%
1970s
Wilbur Wood
37.2%
2000s
Mark Buehrle
35.6%
1980s
Bob Welch
33.5%
1960s
Jim Bunning
31.2%
1990s
Chuck Finley
25.8%
1990s
Kevin Appier
21.2%
2000s
Javier Vazquez
21.2%
1980s
John Tudor
21%
1960s
Larry Jackson
19.8%
1970s
Rick Reuschel
17.7%
1960s
Dean Chance
15.2%
1960s
Jim Maloney
10%
1960s
Chris Short
6.9%
Quiz Playlist
Details
Report
Send in Message
Add To Playlist
More Info:
How high of a WAR(Wins Above Replacement) that a pitcher accumulated over a decade. Pitchers can and do appear in several decades.
Classic:
Type in answers that appear in a list
Quiz Source
Last Updated: Feb 16, 2017
Quiz Scoreboard
CHALLENGE
Sign Up to Join the Scoreboard
Show All
Scores
Hide
Comments
May contain spoilers
Recently Published
1-10 Letter E Words III
by El_Dandy
Language
2m
Street Fighter Characters
by Artimus82
Gaming
60s
College Basketball Coaching Resumes
by pancakes188
Sports
9m
More to Explore
Quiz From the Vault
Featured Blog Post
Where Did the Easter Bunny Come From?
hide this ad
You Might Also Like...
Tags
Decade Quiz
Pitchers
Wins Above Replacement
Today's Top Quizzes in Sports
Browse Sports
hide this ad
Today's Top Quizzes in Decade
Browse Decade
Top Contributed Quizzes in Sports
1
2022 World Cup Stars
2
Les meilleurs buteurs des matchs entre le PSG et l’OM
3
FIFA Club World Cup Champions
4
Les entraîneurs de l'OM et du PSG au 21e siècle
5
Criteria MLB: Left Handed Sluggers
6
2023 MLB Unique Player Accomplishments
7
AFC Teams Reveal (Wrong Answers Minefield)
8
Players with Multiple 50 Home Run Seasons
9
5-to-1: FBS Animal Nicknames
10
5-to-1: UK Sports Teams
Explore More
Trending Topics
Disney
Marvel
Kpop
Anime
NBA
Crossword
Harry Potter
Country
The Office
Puzzle
Soccer
Song
WWE
NFL
Pokémon
hide this ad
More By:
AwesomeGoogs
Quiz
Plays
Rating
Category
Featured
Created
Best Pitchers by Decade
481
4.67
Sports
Sep 16, 2010
Home Run Hitters 1960s
435
5.00
Sports
Jan 1, 2010
Home Run Hitters 1970s
343
4.80
Sports
Jan 1, 2010
Go to Creator's Profile
Score Distribution
Quiz Creator Spotlight
AwesomeGoogs
Follow
Send a Message
Quizzes Created
-
Created Quiz Play Count
-
More By This Creator
Popular Quizzes Today
1
Find the US States - No Outlines Minefield
2
Find the Countries of Europe - No Outlines Minefield
3
The Countries of the World
4
Find the US States
5
Risky Map Clicking: Biggest States A-Z
6
US States
7
Popular People in 1961
8
Movies - When Are They Set?
More Sports Quizzes
English Football Champion Cities
Published
Trending Quizzes
Risky Map Clicking: Least Populous States A-Z
USA Borders Longest to Shortest
1-10 Letter G Words
1-10 Letter F Words
Countries of the World: 200 Million BC
Recently Updated
Leaping Animals
pecheneg
Reality TV Shows (A-Z)
bhenderson79
Rickey Henderson's Hall of Fame Teammates
pecheneg
Champions League XIs: Arsenal
pecheneg
Quick Pick: Celebrities in WWE's Hall of Fame
aduchscher
A-Z Keypad Blitz II
pecheneg
Multiple Oscar Actors
pecheneg
Mystery Phrase Blitz: Oscar 'Best Actors'
pecheneg
F. Scott Fitzgerald Novels
LTH
Pick 3 Villains
ddd62291
Trending Topics
NBA
Harry Potter
Disney
Marvel
Kpop
Anime
Crossword
WWE
Puzzle
The Office
Pokémon
Soccer
NFL
Country
Song
Your Account Isn't Verified!
In order to create a playlist on Sporcle, you need to verify the email address you used during registration. Go to your
Sporcle Settings
to finish the process.
Report this User
Report this user for behavior that violates our
Community Guidelines
.
Details:
Send Report
Go to the Sporcle.com Mobile Site →
Comments